| 000 | 00544nam a22001937a 4500 | ||
|---|---|---|---|
| 003 | CEME | ||
| 005 | 20210628202817.0 | ||
| 008 | 210104b xxu||||| |||| 00| 0 eng d | ||
| 020 | _a9789339223199 | ||
| 040 | _ccc | ||
| 082 | _a621.4022 CEN | ||
| 100 |
_aCengel, Yunus A ,Ghajar, Afshin J _961744 |
||
| 245 | _aHeat and mass transfer:fundamentals and applications ,in si units | ||
| 250 | _a5TH | ||
| 260 |
_aINDIA _bMCGRAW HILL _c2016 |
||
| 300 | _aXXII, 945P | ||
| 650 |
_aTEXTBOOK-DME.HEAT AND MASS TRANSFER _961745 |
||
| 942 |
_cBK _2ddc |
||
| 999 |
_c571090 _d571090 |
||